Flags of African Countries that Start with M - Statistics

General Stats
  • This quiz has been taken 26 times
  • The average score is 6 of 7
Answer Stats
Picture Answer % Correct
Morocco
96%
Madagascar
88%
Malawi
88%
Mali
88%
Mauritania
88%
Mozambique
88%
Mauritius
79%
No matching quizzes found
Score Distribution
Percent of People with Each Score
Percentile by Number Answered
Your Score History
You have not taken this quiz